Business

Bibliographic Details
Main Author: Schneider, Beth (Author)
Format: Book
Language:English
Published: United States : McGraw-Hill , c2003
Subjects:

MARC

LEADER 00000cam a2200000 7i4500
001 0000007151
005 20090427093000.0
008 021119s2003 xxu eng
020 |a 0256952620 
090 0 0 |a HF5500   |b .B87 2003 
245 0 0 |a Business   |c instructor, Beth Schneider 
260 |a United States :   |b McGraw-Hill ,   |c c2003 
300 |a iv, 503 p. :   |b ill. ;   |c 30 cm. 
650 0 |a Business 
700 1 |a Schneider, Beth ,   |e author 
999 |a 1000105697   |b Book   |c OPEN SHELF (30 DAYS)   |e Gong Badak Campus